Matemática II: educación media

Furkejuvvon:
Bibliográfalaš dieđut
Váldodahkkit: Moreno Rioseco, Gabriel Iván (Dahkki), Velásquez Vallejos, Jaime (Dahkki), Vergara Bize, Cristián Eugenio (Dahkki)
Materiálatiipa: Girji
Giella:espánnjágiella
Almmustuhtton: Santiago Santillana 2000
Fáttát:
Fáddágilkorat: Lasit fáddágilkoriid
Eai fáddágilkorat, Lasit vuosttaš fáddágilkora!

MARC

LEADER 00000nam a2200000 a 4500
001 UCL2766
003 CL-VaPUC
008 031107e20000000CL |||||||||||||||||spa|d
020 |a 9561505320 
082 0 4 |a 510.712  |b MOR  |2 21 
100 |a Moreno Rioseco, Gabriel Iván  |e author  |9 528129 
700 0 |a Velásquez Vallejos, Jaime  |e author  |9 479870 
700 0 |a Vergara Bize, Cristián Eugenio  |e author  |9 479871 
245 1 0 |a Matemática II: educación media 
300 |a 247 p 
942 |c BK 
945 |d 20031107 00:00:00  |a vberengu 
260 |a Santiago  |b Santillana  |c 2000 
650 0 |a Matemáticas  |x Enseñanza  |9 875527 
583 |a last modification  |c 20031107 00:00:00  |k Rodrigo Vera 
999 |c 305959  |d 305957 
952 |0 0  |1 0  |4 0  |6 510_712000000000000_MOR_2000  |7 0  |8 A  |9 370539  |a BIBMAT  |b BIBMAT  |c E_DIDACT  |d 2019-11-21  |i 3997650  |o 510.712 MOR 2000  |p 3997650  |r 2025-01-07  |w 2019-11-21  |y BK  |k MAT 
952 |0 0  |1 0  |4 0  |6 510_712000000000000_MOR_2000  |7 0  |8 A  |9 370540  |a BIBMAT  |b BIBMAT  |c E_DIDACT  |d 2019-11-21  |i 3997669  |o 510.712 MOR 2000  |p 3997669  |r 2025-01-07  |w 2019-11-21  |y BK  |k MAT